000 00525nam a2200193 4500
001 24083
005 20230410105346.0
008 060907n1989 dr spa
020 _a0132232243
035 _9funglode24258
041 _aEN
050 1 4 _aHB 171.5 C337p 1989
100 _aCase, Karl E.
245 1 _aPrinciples of economics /
_cKarl E. Case, Ray C. Fair
260 _aEnglewood Cliffs, New Jersey :
_bPrentice Hall,
_c1989
300 _axxxvi, 1025 p.
700 _aFair, Ray C.
942 _2lcc
_cbk
999 _c35046
_d35046